[Event "SRB-chT 1st League"]
[Site "Valjevo"]
[Date "2010.09.22"]
[Round "6"]
[White "Jokovic, Dragan"]
[Black "Micic, Nenad Z"]
[Result "0-1"]
[WhiteElo "2193"]
[BlackElo "2257"]
[PlyCount "72"]
[EventDate "2010.09.18"]
[EventType "team"]
[EventRounds "11"]
[EventCountry "SRB"]
[SourceTitle "CBM 138 Extra"]
[Source "ChessBase"]
[SourceDate "2010.10.29"]
[SourceVersion "1"]
[SourceVersionDate "2010.10.29"]
[SourceQuality "1"]

1. d4 Nf6 2. Bg5 e6 3. e4 h6 4. Bxf6 Qxf6 5. Nc3 Bb4 6. Qd2 d6 7. f4 e5 8. dxe5 dxe5 9. 0-0-0 exf4 10. e5 Qe7 11. Nge2 Be6 12. Qxf4 Qg5 13. Qxg5 hxg5 14. Nb5 Ba5 15. Nbd4 Rh6 16. b4 Bb6 17. c4 a6 18. Nc3 Bxd4 19. Rxd4 Nc6 20. Re4 Nxb4 21. a3 Nc6 22. Nd5 0-0-0 23. Ne3 Rh4 24. g4 Nd4 25. Bd3 Nb3+ 26. Kc2 Nc5 27. Nd5 Nxe4 28. Bxe4 Rxg4 29. Bd3 g6 30. Ne3 Rgd4 31. Rd1 Kb8 32. Kc3 Bf5 33. Be2 Rxd1 34. Nxd1 Rh8 35. Kb4 Rxh2 36. Bf3 Be6 0-1

[Event "SRB-chT 1st League"]
[Site "Vrnjacka Banja"]
[Date "2009.09.23"]
[Round "7"]
[White "Micic, Nenad Z"]
[Black "Markovic, Dejan"]
[Result "1-0"]
[WhiteElo "2247"]
[BlackElo "2403"]
[PlyCount "77"]
[EventDate "2009.09.19"]
[EventType "team-swiss"]
[EventRounds "11"]
[EventCountry "YUG"]
[SourceTitle "CBM 132 Extra"]
[Source "ChessBase"]
[SourceDate "2009.11.03"]
[SourceVersion "1"]
[SourceVersionDate "2009.11.03"]
[SourceQuality "1"]

1. d4 d5 2. c4 c6 3. Nf3 Nf6 4. e3 e6 5. b3 Be7 6. Bd3 0-0 7. 0-0 Ne4 8. Bb2 Nd7 9. Qc2 f5 10. Ne5 Nxe5 11. dxe5 Nc5 12. Be2 b6 13. Nd2 Ne4 14. Nf3 dxc4 15. Bxc4 c5 16. Rad1 Qe8 17. a4 a6 18. Qe2 Qc6 19. Nd2 Nxd2 20. Rxd2 Rd8 21. Rfd1 Rxd2 22. Rxd2 Qb7 23. g4 b5 24. Bd3 c4 25. bxc4 bxa4 26. gxf5 a3 27. f6 axb2 28. Rxb2 Qd7 29. Qh5 g6 30. Bxg6 Bxf6 31. exf6 hxg6 32. Qxg6+ Kf8 33. Qh6+ Kg8 34. Qg6+ Kf8 35. Rd2 Ra7 36. Rxd7 Rxd7 37. Qh6+ Kg8 38. Qg5+ Kh7 39. Qh5+ 1-0

[Event "SRB-chT 1st League"]
[Site "Vrnjacka Banja"]
[Date "2009.09.21"]
[Round "4"]
[White "Kolarevic, Darko"]
[Black "Micic, Nenad Z"]
[Result "0-1"]
[WhiteElo "2179"]
[BlackElo "2247"]
[PlyCount "68"]
[EventDate "2009.09.19"]
[EventType "team-swiss"]
[EventRounds "11"]
[EventCountry "YUG"]
[SourceTitle "CBM 132 Extra"]
[Source "ChessBase"]
[SourceDate "2009.11.03"]
[SourceVersion "1"]
[SourceVersionDate "2009.11.03"]
[SourceQuality "1"]

1. d4 Nf6 2. c4 c5 3. d5 b5 4. cxb5 a6 5. bxa6 Bxa6 6. Nc3 g6 7. e4 Bxf1 8. Kxf1 d6 9. g3 Bg7 10. Kg2 Nbd7 11. Nf3 0-0 12. Re1 Ng4 13. Qe2 Qa5 14. Bd2 Rfb8 15. Nd1 Qb6 16. h3 Nge5 17. Nxe5 Bxe5 18. Bc3 Bxc3 19. bxc3 Ra3 20. f4 Nf6 21. Qf3 Rba8 22. Re2 Qb5 23. Rc2 Qc4 24. Nf2 R8a4 25. Re1 Rxa2 26. Rxa2 Rxa2 27. Re3 Rc2 28. g4 Rc1 29. Kg3 Rg1+ 30. Kh4 h6 31. Rd3 Nh7 32. e5 dxe5 33. fxe5 Kg7 34. Ne4 Qa4 0-1

[Event "Belgrade Spring op"]
[Site "Belgrade"]
[Date "2008.03.26"]
[Round "2"]
[White "Cetkovic, Miodrag"]
[Black "Micic, Nenad Z"]
[Result "1-0"]
[WhiteElo "2252"]
[BlackElo "2247"]
[PlyCount "51"]
[EventDate "2008.03.25"]
[EventType "swiss"]
[EventRounds "9"]
[EventCountry "YUG"]
[SourceTitle "CBM 123 Extra"]
[Source "ChessBase"]
[SourceDate "2008.05.06"]
[SourceVersion "1"]
[SourceVersionDate "2008.05.06"]
[SourceQuality "1"]

1. e4 e5 2. Nf3 d6 3. d4 exd4 4. c3 dxc3 5. Bc4 Bg4 6. Qb3 Be6 7. Bxe6 fxe6 8. Qxe6+ Qe7 9. Qc8+ Qd8 10. Qxb7 Nd7 11. Nxc3 Ngf6 12. 0-0 Be7 13. Nd5 Nxd5 14. Qxd5 Nf6 15. Qc6+ Nd7 16. Ng5 0-0 17. Ne6 Qc8 18. Nxf8 Bxf8 19. f4 Kh8 20. Bd2 Rb8 21. Bc3 Rb6 22. Qc4 Nc5 23. f5 Qe8 24. f6 Qxe4 25. fxg7+ Bxg7 26. Rf8# 1-0

[Event "IECG WC.2005.T.00001 email"]
[Site "IECG email"]
[Date "2004.12.15"]
[Round "?"]
[White "White, Kevin"]
[Black "Micic, Nenad Z"]
[Result "1/2-1/2"]
[WhiteElo "2339"]
[BlackElo "2390"]
[PlyCount "70"]
[EventDate "2004.12.15"]
[EventType "tourn (corr)"]
[EventRounds "10"]
[SourceTitle "Corr 2008"]
[Source "ChessBase"]
[SourceDate "2008.06.24"]
[SourceVersion "1"]
[SourceVersionDate "2008.06.24"]
[SourceQuality "1"]

1. d4 Nf6 2. c4 g6 3. Nc3 Bg7 4. e4 d6 5. f4 0-0 6. Nf3 c5 7. d5 e6 8. Be2 exd5 9. cxd5 Bg4 10. 0-0 Nbd7 11. Re1 Re8 12. h3 Bxf3 13. Bxf3 Qa5 14. Be3 b5 15. a3 Nb6 16. e5 Nc4 17. exf6 Nxe3 18. Rxe3 Rxe3 19. fxg7 Rae8 20. f5 b4 21. axb4 Qxb4 22. Qd2 Qh4 23. fxg6 hxg6 24. Nb5 Qf4 25. Rf1 R8e7 26. Bg4 Qg3 27. Qf2 Qxf2+ 28. Rxf2 f5 29. Bf3 Rd7 30. Re2 Rxe2 31. Bxe2 Kxg7 32. Na3 Kf6 33. Nc4 Rb7 34. Kf2 Rb3 35. Ke1 Ke7 1/2-1/2

[Event "CFriend AP-2004-Q-00004 email"]
[Site "Chessfriend.com"]
[Date "2004.02.04"]
[Round "?"]
[White "Micic, Nenad Z"]
[Black "Bies, Gustavo Alejandro"]
[Result "1-0"]
[WhiteElo "2391"]
[BlackElo "1800"]
[PlyCount "79"]
[EventDate "2004.??.??"]
[EventType "tourn (corr)"]
[EventRounds "12"]
[SourceTitle "Corr 2008"]
[Source "ChessBase"]
[SourceDate "2008.06.24"]
[SourceVersion "1"]
[SourceVersionDate "2008.06.24"]
[SourceQuality "1"]

1. c4 Nf6 2. Nc3 c5 3. Nf3 Nc6 4. d4 cxd4 5. Nxd4 e6 6. g3 Qb6 7. Nb3 Ne5 8. e4 Bb4 9. Qe2 Bxc3+ 10. bxc3 d6 11. f4 Ng6 12. Bg2 Qa6 13. c5 Qxe2+ 14. Kxe2 d5 15. e5 Ne4 16. Bxe4 dxe4 17. Nd2 Bd7 18. Nxe4 Bb5+ 19. Kf2 0-0 20. Nd6 Bc6 21. Re1 Ne7 22. Rb1 h5 23. Rb3 Rab8 24. Be3 Rfd8 25. h3 Rd7 26. g4 hxg4 27. hxg4 Ng6 28. Ra3 Ra8 29. Kg3 Rc7 30. Bd4 Ne7 31. Re2 Rd7 32. Rh2 Rc7 33. c4 Kf8 34. f5 Kg8 35. Kf4 Kf8 36. fxe6 fxe6 37. Kg5 Rd8 38. Rah3 Be8 39. Rh8+ Ng8 40. c6 1-0

[Event "IECG CM.2002.0.00180 email"]
[Site "IECG email"]
[Date "2002.05.01"]
[Round "?"]
[White "Carroll, Patrick J"]
[Black "Micic, Nenad Z"]
[Result "0-1"]
[WhiteElo "2256"]
[BlackElo "2247"]
[PlyCount "29"]
[EventDate "2002.05.01"]
[EventType "tourn (corr)"]
[EventRounds "6"]
[SourceTitle "Corr 2008"]
[Source "ChessBase"]
[SourceDate "2008.06.24"]
[SourceVersion "1"]
[SourceVersionDate "2008.06.24"]
[SourceQuality "1"]

1. e4 c5 2. Nf3 d6 3. d4 cxd4 4. Nxd4 Nf6 5. Nc3 a6 6. Be3 e6 7. f3 b5 8. Qd2 Nbd7 9. g4 Nb6 10. 0-0-0 Bb7 11. Qf2 Nfd7 12. Bd3 Rc8 13. Nce2 Nc5 14. Kb1 Nba4 15. g5 0-1